00421nam a22001337a 4500003000500000038001800005082000800023100001900031245006900050264003400119650003200153700004400185856005800229NUST aNusrat Nadeem a200 aAbbasi, Ushnah aMedical Image Segmentation using deep learning/cUshnah Abbasi,  aIslamabadbSEECS NUST.c2025. aMS-Artificial Intelligence  aSupervisor: Muhammad Daud Abdullah Asif u http://10.250.8.41:8080/xmlui/handle/123456789/54579